000 00716nam a2200193Ia 4500
003 GCL
008 140319s9999 xx 000 0 ara d
040 _aGCL /
_cGCL
082 0 4 _a004.03
_bم م
100 1 _aمركز الاهرام للترجمة والنشر
245 1 0 _aمعجم مصطلحات الحاسبات الالكترونية عربى-انجليزى /
_cمركز الاهرام للترجمة والنشر
250 _aالاولى
260 _aالقاهرة :
_bمركز الاهرام للترجمة والنشر ،
_c1987
300 _a663 ص ؛
_c25 سم
650 0 4 _aالحاسبات الالكترونية
650 0 4 _aالمعاجم
650 0 4 _aمصطلحات
942 _2ddc
_cREF
999 _c59513
_d59513